000 00401nam a22001697a 4500
003 CEME
005 20210628203418.0
008 210305b xxu||||| |||| 00| 0 eng d
020 _a0-14-062089-3
040 _c.
082 _a808.83 CRA
100 _aCrane, Stephen
_965275
245 _aThe red badge of courage
260 _aNEW YORK
_bPENGUIN BOOKS
_c1994
300 _a159P
942 _cBK
_2ddc
999 _c573541
_d573541